<?xml version="1.0" encoding="UTF-8"?>
<marc:record xmlns:marc="http://www.loc.gov/MARC21/slim">
   <marc:leader>00000nam a2200000 a 4500</marc:leader>
   <marc:datafield ind1="1" ind2=" " tag="100">
      <marc:subfield code="a">Wimmer, Carola</marc:subfield>
      <marc:subfield code="4">aut</marc:subfield>
      <marc:subfield code="e">Verfasser/-in</marc:subfield>
   </marc:datafield>
   <marc:datafield ind1="1" ind2=" " tag="100">
      <marc:subfield code="a">Bierstedt, Marie</marc:subfield>
   </marc:datafield>
   <marc:datafield ind1=" " ind2=" " tag="653">
      <marc:subfield code="a">Hörbuch</marc:subfield>
   </marc:datafield>
   <marc:datafield ind1="0" ind2="0" tag="245">
      <marc:subfield code="a">Hope - Traumpferd gefunden [Tonträger]</marc:subfield>
   </marc:datafield>
   <marc:datafield ind1="0" ind2="0" tag="245">
      <marc:subfield code="c">Carola Wimmer. Gelesen von Marie Bierstedt</marc:subfield>
   </marc:datafield>
   <marc:datafield ind1=" " ind2="1" tag="264">
      <marc:subfield code="a">Düsseldorf</marc:subfield>
      <marc:subfield code="b">Random House Audio</marc:subfield>
      <marc:subfield code="c">2016</marc:subfield>
   </marc:datafield>
   <marc:datafield ind1="1" ind2=" " tag="520">
      <marc:subfield code="a">Angaben aus der Verlagsmeldung : Hope - Traumpferd gefunden / von Carola Wimmer. Wiedersehen mit HopeLeo macht sich Sorgen: Trotz eines erfolgreichen Eröffnungsfestes gibt es nicht genug Anmeldungen neuer Reitschüler, um den Reiterhof zu finanzieren. Da kommt das Angebot eines Fernsehsenders gerade recht. Auf dem Pferdehof soll eine Doku-Soap gedreht werden, mit Leo undHope im Mittelpunkt. Bald wünscht sich der Sender jedoch mehr Action &#x96; auf Kosten der Pferde.Mit der mädchenhaft-sanften Stimme von Marie Bierstedt(3 CDs, Laufzeit: 3h 45)</marc:subfield>
   </marc:datafield>
   <marc:datafield ind1=" " ind2=" " tag="020">
      <marc:subfield code="a">9783837133752</marc:subfield>
      <marc:subfield code="9">9783837133752</marc:subfield>
   </marc:datafield>
   <marc:datafield ind1=" " ind2=" " tag="020">
      <marc:subfield code="a">ISBN 9783837133752 ? 13,40</marc:subfield>
      <marc:subfield code="9">ISBN 9783837133752 ? 13,40</marc:subfield>
   </marc:datafield>
   <marc:datafield ind1=" " ind2=" " tag="041">
      <marc:subfield code="a">ger</marc:subfield>
   </marc:datafield>
   <marc:datafield ind1=" " ind2=" " tag="500">
      <marc:subfield code="a">ungekürzte Lesung, ungek. Ausg.</marc:subfield>
   </marc:datafield>
   <marc:datafield ind1="0" ind2=" " tag="490">
      <marc:subfield code="v">0</marc:subfield>
   </marc:datafield>
   <marc:datafield ind1=" " ind2=" " tag="300">
      <marc:subfield code="a">201: 3 CDs</marc:subfield>
   </marc:datafield>
</marc:record>
